书目信息 |
| 题名: |
老年病症按摩疗法
|
|
| 作者: | 霍勇 编著 | |
| 分册: | ||
| 出版信息: | 广州 广东经济出版社 2000.05 |
|
| 页数: | 206页 | |
| 开本: | 32开 | |
| 丛书名: | ||
| 单 册: | ||
| 中图分类: | R244.1 | |
| 科图分类: | ||
| 主题词: | 中医学:临床医学 | |
| 电子资源: | ||
| ISBN: | 7-80632-658-8 | |
| 000 | 00567nam0 2200193 45 | |
| 001 | 0103171624 | |
| 005 | 20010317164044.1 | |
| 010 | @a7-80632-658-8@d12.00元 | |
| 100 | @a20010317d2000 km y0chiy0120 ea | |
| 101 | 0 | @achi |
| 105 | @a z 000yy | |
| 200 | 1 | @a老年病症按摩疗法@ALao Nian Bing Zheng An Mo Liao Fa@f霍勇等编著@FHuo Yong Deng Bian Zhu |
| 210 | @a广州@c广东经济出版社@d2000.05 | |
| 215 | @a206页@d32开 | |
| 606 | 0 | @a中医学:临床医学 |
| 690 | @aR244.1@v3 | |
| 701 | 0 | @a霍勇@4编著 |
| 801 | @aCN@bPftUser@c20010317 | |
| 905 | @b329905-907@dR244.1@eH.309@f3 | |
| 老年病症按摩疗法/霍勇等编著.-广州:广东经济出版社,2000.05 |
| 206页;32开 |
| ISBN 7-80632-658-8:12.00元 |
| ● |
| 相关链接 |
|
|
|
正题名:老年病症按摩疗法
索取号:R244.1/H.309
 
预约/预借
| 序号 | 登录号 | 条形码 | 馆藏地/架位号 | 状态 | 备注 |
| 1 | 329905 | 203299055 | 自科库401/401自科库 10排2列2层/ [索取号:R244.1/H.309] | 在馆 | |
| 2 | 329906 | 203299064 | 自科库401/ [索取号:R244.1/H.309] | 在馆 | |
| 3 | 329907 | 203299073 | 自科库401/ [索取号:R244.1/H.309] | 在馆 |